Linear Algebra and its Applications (Record no. 6303)

MARC details
000 -LEADER
fixed length control field 00533nam a22002057a 4500
003 - CONTROL NUMBER IDENTIFIER
control field OSt
005 - DATE AND TIME OF LATEST TRANSACTION
control field 20190905114255.0
008 - FIXED-LENGTH DATA ELEMENTS--GENERAL INFORMATION
fixed length control field 190905b ||||| |||| 00| 0 eng d
020 ## - INTERNATIONAL STANDARD BOOK NUMBER
International Standard Book Number 0155510053
040 ## - CATALOGING SOURCE
Transcribing agency DDC
082 ## - DEWEY DECIMAL CLASSIFICATION NUMBER
Classification number 512.5 STR 1988
100 ## - MAIN ENTRY--PERSONAL NAME
Personal name Strang, Gilbert
9 (RLIN) 4403
245 ## - TITLE STATEMENT
Title Linear Algebra and its Applications
250 ## - EDITION STATEMENT
Edition statement 3rd ed.
260 ## - PUBLICATION, DISTRIBUTION, ETC. (IMPRINT)
Place of publication, distribution, etc. Australia;
Name of publisher, distributor, etc. Brooks/cole
Date of publication, distribution, etc. 1988
300 ## - PHYSICAL DESCRIPTION
Extent xii,505p;
Other physical details ill:
Dimensions 24cm
505 ## - FORMATTED CONTENTS NOTE
Formatted contents note Appendices, & index included
650 ## - SUBJECT ADDED ENTRY--TOPICAL TERM
Topical term or geographic name as entry element Linear algebra
9 (RLIN) 3634
942 ## - ADDED ENTRY ELEMENTS (KOHA)
Source of classification or shelving scheme Other/Generic Classification Scheme
Koha item type Book
Holdings
Withdrawn status Lost status Source of classification or shelving scheme Damaged status Not for loan Home library Current library Date acquired Source of acquisition Inventory number Total Checkouts Full call number Barcode Date last seen Date last checked out Koha item type Price effective from
    Dewey Decimal Classification     MUST Main Library MUST Main Library 05/09/2019 Purchase 05/24987 3 512.5 STR 1988 2019-0399 30/03/2021 25/03/2021 Open Shelf  
    Dewey Decimal Classification     MUST Main Library MUST Main Library 14/06/2024 Purchase 04/22671   512.5 STR 1988 2024-20560 14/06/2024   Open Shelf 14/06/2024